Ηλεκτρονικό Εμπόριο / Επιχειρηματική Στρατηγική και Marketing στο Διαδίκτυο (Record no. 1674)
[ view plain ]
| 000 -LEADER | |
|---|---|
| fixed length control field | 02401cam a22002174a 4500 |
| 005 - ΗΜΕΡΟΜΗΝΙΑ ΚΑΙ ΩΡΑ ΤΕΛΕΥΤΑΙΑΣ ΕΝΗΜΕΡΩΣΗΣ | |
| Πεδίο ελέγχου | 20250605164015.0 |
| 008 - FIXED-LENGTH DATA ELEMENTS--GENERAL INFORMATION | |
| Πεδίο ελέγχου σταθερού μήκους | 250528s ||||||||||||||||||||||||d |
| 035 ## - SYSTEM CONTROL NUMBER | |
| System control number | 16138 |
| 020 ## - ISBN | |
| ISBN | 9602099887 |
| 040 ## - ΠΗΓΗ ΚΑΤΑΛΟΓΟΓΡΑΦΗΣΗΣ | |
| Φορέας πρωτότυπης καταλογογράφησης | MC Athens Campus Library |
| Γλώσσα καταλογογράφησης | Ελληνικά, Μοντέρνα (1453-) |
| Modifying agency | MC Athens Campus Library |
| Κανόνες περιγραφικής καταλογογράφησης | AACR2 |
| 245 1# - ΤΙΤΛΟΣ ΚΑΙ ΔΗΛΩΣΗ ΥΠΕΥΘΥΝΟΤΗΤΑΣ | |
| Τίτλος | Ηλεκτρονικό Εμπόριο / Επιχειρηματική Στρατηγική και Marketing στο Διαδίκτυο |
| 250 ## - EDITION STATEMENT | |
| Edition statement | 3η |
| 260 ## - PUBLICATION, DISTRIBUTION, ETC. | |
| Name of publisher, distributor, etc. | Κλειδάριθμος, |
| Date of publication, distribution, etc. | 2006 |
| 300 ## - PHYSICAL DESCRIPTION | |
| Extent | 496 |
| 505 0# - FORMATTED CONTENTS NOTE | |
| Formatted contents note | Γλωσσάριο, Το Νέο Περιβάλλον, Τι είναι το Internet, Τι είναι το Ηλεκτρονικό Εμπόριο, Ηλεκτρονικό Χρήμα και Ασφάλεια Συναλλαγών, Ηλεκτρονικές Πληρωμές, Ηλεκτρονικές Συναλλαγές, Στρατηγική και ''Χτίσιμο'' του Ηλεκτρονικού Καταστήματος, Marketing και Διαδίκτυο, Στρατηγικός σχεδιασμός, Δημιουργήστε μια Σωστή Παρουσία στον Κυβερνοχώρο, Επικοινωνία με τον Πελάτη, Επικοινωνήστε Μέσω Κοινοτήτων, Προβολή και Επαφή με τον Πελάτη, Κλείστε τον Κύκλο του Marketing, Ειδικά Θέματα, Βιβλιογραφία, Ευρετήριο. |
| 520 ## - SUMMARY, ETC. | |
| Summary, etc. | Γλωσσάριο, Το Νέο Περιβάλλον, Τι είναι το Internet, Τι είναι το Ηλεκτρονικό Εμπόριο, Ηλεκτρονικό Χρήμα και Ασφάλεια Συναλλαγών, Ηλεκτρονικές Πληρωμές, Ηλεκτρονικές Συναλλαγές, Στρατηγική και ''Χτίσιμο'' του Ηλεκτρονικού Καταστήματος, Marketing και Διαδίκτυο, Στρατηγικός σχεδιασμός, Δημιουργήστε μια Σωστή Παρουσία στον Κυβερνοχώρο, Επικοινωνία με τον Πελάτη, Επικοινωνήστε Μέσω Κοινοτήτων, Προβολή και Επαφή με τον Πελάτη, Κλείστε τον Κύκλο του Marketing, Ειδικά Θέματα, Βιβλιογραφία, Ευρετήριο. |
| 700 1# - ΠΡΟΣΘΕΤΗ ΑΝΑΓΡΑΦΗ--ΦΥΣΙΚΟ ΠΡΟΣΩΠΟ | |
| Personal name | Πασχόπουλος Αρσένης |
| 9 (RLIN) | 2176 |
| 942 ## - ADDED ENTRY ELEMENTS (KOHA) | |
| Koha item type | Books |
| Τύπος τεκμηρίου | Βιβλιοθήκη | Τρέχουσα τοποθεσία | Barcode | Αριθμός εισαγωγής | Ημερομηνία απόκτησης | Ταξιθετικό σύμβολο | Αριθμός αντιτύπου | Κατάσταση απόσυρσης | Κατάσταση χαμένου | Κατάσταση κατεστραμμένου | Μη δανεισμός | Σύνολο δανεισμών | Ημερομηνία τελευταίας εμφάνισης | Η τιμή ισχύει από |
|---|---|---|---|---|---|---|---|---|---|---|---|---|---|---|
| Books | MC Athens Campus Library | MC Athens Campus Library | 9780000016737 | 2767 | 05/06/2025 | 658.8/00285 PAS | 1 | 05/06/2025 | 05/06/2025 |